Yo puedo aprender a estudiar solo.

Uloženo v:
Podrobná bibliografie
Hlavní autor: Arancibia Clavel, Violeta (autora)
Další autoři: Muñoz Balbontín, Alejandra (autora), Antonijevic Hahn, Nadja (autora), Arteaga Vial, Mariana (autora), Moure Cominetti, Antonella (autora)
Médium: Kniha
Jazyk:španělština
Vydáno: Santiago, Chile: Ediciones UC, 2007.
Vydání:6a. ed
Edice:Aprendizaje
Témata:
Tagy: Přidat tag
Žádné tagy, Buďte první, kdo vytvoří štítek k tomuto záznamu!

MARC

LEADER 00000nam a2200000 a 4500
001 UCH0524
003 CL-VaPUC
005 20231220104619.0
008 090312e20070900CL |||||||||||||||||spa|d
999 |c 332818  |d 332816 
020 |a 978-956-14-0905-7 
040 |c Pontificia Universidad Católica de Valparaíso 
082 0 4 |a 371.3 ARA 2007  |2 21 
100 0 |a Arancibia Clavel, Violeta  |e autora  |9 534704 
245 1 0 |a Yo puedo aprender a estudiar solo. 
250 |a 6a. ed 
260 |a Santiago, Chile:  |b Ediciones UC,  |c 2007. 
300 |a 410 páginas. 
490 0 |a Aprendizaje 
500 |a c.2. Donación Literatura. Memo 1-12-2023. 
583 |a last modification  |c 20140401 10:16:11  |k Rodrigo Vera 
650 0 |a Métodos de estudio  |2 CL-VaPUC  |9 260518 
700 0 |a Muñoz Balbontín, Alejandra  |e autora  |9 534705 
700 0 |a Antonijevic Hahn, Nadja  |e autora  |9 534706 
700 0 |a Arteaga Vial, Mariana  |e autora  |9 534707 
700 0 |a Moure Cominetti, Antonella  |e autora  |9 534708 
942 |c BK  |2 ddc 
945 |d 20090312 00:00:00  |a dcastane 
952 |0 0  |1 0  |4 0  |6 371_300000000000000_ARA_2007  |7 0  |8 A  |9 420798  |a BIBEDU  |b BIBEDU  |d 2019-11-22  |i 4515846  |o 371.3 ARA 2007  |p 4515846  |r 2019-11-22  |w 2019-11-22  |y BK  |k EBA 
952 |0 0  |1 0  |2 ddc  |4 0  |6 371_300000000000000_ARA_2007  |7 0  |8 A  |9 592960  |a BIBEDU  |b BIBEDU  |c GEN  |d 2023-12-20  |e Donación  |i 5659899  |o 371.3 ARA 2007  |p 5659899  |r 2023-12-20  |t 2  |w 2023-12-20  |y BK  |k LIT